<?xml version='1.0' encoding='UTF-8'?>
  <record xmlns="http://www.loc.gov/MARC21/slim">
    <leader>00000cam a22000001a 4500</leader>
    <controlfield tag="001">ocm11267361</controlfield>
    <controlfield tag="003">OCoLC</controlfield>
    <controlfield tag="005">20250920200922.5</controlfield>
    <controlfield tag="008">820626s1864    gw af         000 0 ger  </controlfield>
    <datafield tag="040" ind1=" " ind2=" ">
      <subfield code="a">NLM</subfield>
      <subfield code="b">eng</subfield>
      <subfield code="c">NLM</subfield>
      <subfield code="d">GZH</subfield>
      <subfield code="d">CGC</subfield>
      <subfield code="d">CUY</subfield>
      <subfield code="d">DEBBG</subfield>
      <subfield code="d">AU@</subfield>
      <subfield code="d">OCLCF</subfield>
      <subfield code="d">OCLCQ</subfield>
      <subfield code="d">NLM</subfield>
      <subfield code="d">OCLCO</subfield>
      <subfield code="d">CLU</subfield>
      <subfield code="d">OCLCO</subfield>
      <subfield code="d">OCLCL</subfield>
      <subfield code="d">OCLCO</subfield>
    </datafield>
    <datafield tag="016" ind1="7" ind2=" ">
      <subfield code="a">62020610R</subfield>
      <subfield code="2">DNLM</subfield>
    </datafield>
    <datafield tag="019" ind1=" " ind2=" ">
      <subfield code="a">216706342</subfield>
    </datafield>
    <datafield tag="029" ind1="0" ind2=" ">
      <subfield code="a">NLM</subfield>
      <subfield code="b">62020610R</subfield>
    </datafield>
    <datafield tag="029" ind1="1" ind2=" ">
      <subfield code="a">AU@</subfield>
      <subfield code="b">000004047110</subfield>
    </datafield>
    <datafield tag="029" ind1="1" ind2=" ">
      <subfield code="a">DEBBG</subfield>
      <subfield code="b">BV008781476</subfield>
    </datafield>
    <datafield tag="029" ind1="1" ind2=" ">
      <subfield code="a">DEBSZ</subfield>
      <subfield code="b">083522115</subfield>
    </datafield>
    <datafield tag="029" ind1="1" ind2=" ">
      <subfield code="a">NLGGC</subfield>
      <subfield code="b">059797827</subfield>
    </datafield>
    <datafield tag="035" ind1=" " ind2=" ">
      <subfield code="a">(OCoLC)11267361</subfield>
      <subfield code="z">(OCoLC)216706342</subfield>
    </datafield>
    <datafield tag="050" ind1=" " ind2="4">
      <subfield code="a">RB6</subfield>
      <subfield code="b">.V81 864Db</subfield>
    </datafield>
    <datafield tag="060" ind1="0" ind2="0">
      <subfield code="a">QX</subfield>
      <subfield code="b">V813d 1864</subfield>
    </datafield>
    <datafield tag="082" ind1="0" ind2="4">
      <subfield code="a">614.562</subfield>
      <subfield code="1">https://id.oclc.org/worldcat/ddc/E3WjkgGXhx6PDqgY6JpfdqRF7G</subfield>
    </datafield>
    <datafield tag="084" ind1=" " ind2=" ">
      <subfield code="a">XD 9600</subfield>
      <subfield code="2">rvk</subfield>
    </datafield>
    <datafield tag="100" ind1="1" ind2=" ">
      <subfield code="a">Virchow, Rudolf,</subfield>
      <subfield code="d">1821-1902.</subfield>
      <subfield code="1">https://id.oclc.org/worldcat/entity/E39PBJpVbcwPgkMfQ8HHrpmDbd</subfield>
    </datafield>
    <datafield tag="245" ind1="1" ind2="0">
      <subfield code="a">Darstellung der Lehre von den Trichinen :</subfield>
      <subfield code="b">mit Rücksicht auf die dadurch gebotenen Vorsichtsmaassregeln, für Laien und Aerzte /</subfield>
      <subfield code="c">von Rud. Virchow.</subfield>
    </datafield>
    <datafield tag="250" ind1=" " ind2=" ">
      <subfield code="a">2. verm. Aufl.</subfield>
    </datafield>
    <datafield tag="260" ind1=" " ind2=" ">
      <subfield code="a">Berlin :</subfield>
      <subfield code="b">Druck und Verlag von Georg Reimer,</subfield>
      <subfield code="c">1864.</subfield>
    </datafield>
    <datafield tag="300" ind1=" " ind2=" ">
      <subfield code="a">64, [1] pages, 1 leaf of plates :</subfield>
      <subfield code="b">color illustrations ;</subfield>
      <subfield code="c">21 cm</subfield>
    </datafield>
    <datafield tag="336" ind1=" " ind2=" ">
      <subfield code="a">text</subfield>
      <subfield code="b">txt</subfield>
      <subfield code="2">rdacontent</subfield>
    </datafield>
    <datafield tag="337" ind1=" " ind2=" ">
      <subfield code="a">unmediated</subfield>
      <subfield code="b">n</subfield>
      <subfield code="2">rdamedia</subfield>
    </datafield>
    <datafield tag="338" ind1=" " ind2=" ">
      <subfield code="a">volume</subfield>
      <subfield code="b">nc</subfield>
      <subfield code="2">rdacarrier</subfield>
    </datafield>
    <datafield tag="500" ind1=" " ind2=" ">
      <subfield code="a">3d. ed. has title: Die Lehre von den Trichinen.</subfield>
    </datafield>
    <datafield tag="504" ind1=" " ind2=" ">
      <subfield code="a">Bibliographical footnotes.</subfield>
    </datafield>
    <datafield tag="650" ind1=" " ind2="0">
      <subfield code="a">Trichinosis.</subfield>
    </datafield>
    <datafield tag="650" ind1=" " ind2="0">
      <subfield code="a">Trichinella.</subfield>
    </datafield>
    <datafield tag="650" ind1=" " ind2="2">
      <subfield code="a">Trichinella</subfield>
    </datafield>
    <datafield tag="650" ind1=" " ind2="2">
      <subfield code="a">Trichinellosis</subfield>
    </datafield>
    <datafield tag="650" ind1=" " ind2="6">
      <subfield code="a">Trichinose.</subfield>
    </datafield>
    <datafield tag="650" ind1=" " ind2="6">
      <subfield code="a">Trichinella.</subfield>
    </datafield>
    <datafield tag="650" ind1=" " ind2="7">
      <subfield code="a">Trichinella</subfield>
      <subfield code="2">fast</subfield>
    </datafield>
    <datafield tag="650" ind1=" " ind2="7">
      <subfield code="a">Trichinosis</subfield>
      <subfield code="2">fast</subfield>
    </datafield>
    <datafield tag="710" ind1="2" ind2=" ">
      <subfield code="a">Georg Reimer Verlag (Berlin, Germany),</subfield>
      <subfield code="e">publisher.</subfield>
      <subfield code="1">https://id.oclc.org/worldcat/entity/E39QH7JmrffFQgPqqYR4HpY6hR</subfield>
    </datafield>
    <datafield tag="776" ind1="0" ind2="8">
      <subfield code="i">Also issued on microfilm.</subfield>
      <subfield code="d">[Bethesda, Md.] : National Library of Medicine, 1993.</subfield>
      <subfield code="h">1 microfilm reel : negative ; 35 mm.</subfield>
    </datafield>
    <datafield tag="776" ind1="0" ind2="8">
      <subfield code="i">Online version:</subfield>
      <subfield code="a">Virchow, Rudolf, 1821-1902.</subfield>
      <subfield code="t">Darstellung der Lehre von den Trichinen.</subfield>
      <subfield code="b">2. verm. Aufl.</subfield>
      <subfield code="d">Berlin, Reimer, 1864</subfield>
      <subfield code="w">(OCoLC)985622137</subfield>
    </datafield>
    <datafield tag="856" ind1="4" ind2=" ">
      <subfield code="u">http://bvbm1.bib-bvb.de/webclient/DeliveryManager?pid=4704589etcustom_att_2=simple_viewer</subfield>
      <subfield code="z">Volltext // 2012 digitalisiert von: Universitätsbibliothek Eichstätt-Ingolstadt. Exemplar mit der Signatur: Eichstätt-Ingolstadt, Universitätsbibliothek</subfield>
    </datafield>
    <datafield tag="856" ind1="4" ind2=" ">
      <subfield code="u">http://bvbm1.bib-bvb.de/webclient/DeliveryManager?pid=4704589&amp;custom_att_2=simple_viewer</subfield>
      <subfield code="z">Volltext // 2012 digitalisiert von: Universitätsbibliothek Eichstätt-Ingolstadt. Exemplar mit der Signatur: Eichstätt-Ingolstadt, Universitätsbibliothek</subfield>
    </datafield>
  </record>